Curso de Derecho Matrimonial y Procesal Canónico para profesionales del foro
Збережено в:
| Формат: | Книга |
|---|---|
| Мова: | Іспанська |
| Опубліковано: |
Salamanca
Universidad Pontificia de Salamanca
1989
|
| Редагування: | 1a. ed |
| Предмети: | |
| Теги: |
Додати тег
Немає тегів, Будьте першим, хто поставить тег для цього запису!
|
MARC
| LEADER | 00000cam a2200000 a 4500 | ||
|---|---|---|---|
| 001 | UCD1586 | ||
| 003 | CL-VaPUC | ||
| 008 | 160316e19890000sp |||||||||||||||||spa|d | ||
| 020 | |a 8472992292v.8 | ||
| 020 | |a 8472993183v.11 | ||
| 020 | |a 8472994775v.15 | ||
| 020 | |a 8472996158v.16 | ||
| 020 | |a 8472996786v.17 | ||
| 020 | |a 8472997592v.18 | ||
| 082 | 0 | 4 | |a 262.933 |b CUR |2 21 |
| 245 | 1 | 0 | |a Curso de Derecho Matrimonial y Procesal Canónico para profesionales del foro |
| 250 | |a 1a. ed | ||
| 300 | |a v | ||
| 942 | |c BK | ||
| 945 | |d 20160316 17:23:00 |a dcastane | ||
| 260 | |a Salamanca |b Universidad Pontificia de Salamanca |c 1989 | ||
| 650 | 7 | |a DERECHO CANONICO |2 CL-VaPUC |9 584691 | |
| 650 | 7 | |a MATRIMONIO |2 CL-VaPUC |9 584692 | |
| 650 | 0 | |a Sacramentos |9 257270 | |
| 650 | 0 | |a Nulidad del matrimonio |9 524870 | |
| 650 | 7 | |a IMPEDIMENTOS MATRIMONIALES |2 CL-VaPUC |9 254953 | |
| 583 | |a last modification |c 20160316 17:23:00 |k Rodrigo Vera | ||
| 999 | |c 362860 |d 362858 | ||
| 952 | |0 0 |1 0 |3 erb |4 0 |6 262_933000000000000_CUR_1989 |7 0 |8 A |9 474394 |a BIBDER |b BIBDER |h v.8 |i 5267161 |o 262.933 CUR 1989 |p 5267161 |r 2023-01-25 |w 2019-11-24 |y BK |z Catalogado en:20160316 |k DER | ||
| 952 | |0 0 |1 0 |3 erb |4 0 |6 262_933000000000000_CUR_1989 |7 0 |8 A |9 474395 |a BIBDER |b BIBDER |h v.11 |i 526717K |o 262.933 CUR 1989 |p 526717K |r 2023-01-25 |w 2019-11-24 |y BK |z Catalogado en:20160316 |k DER | ||
| 952 | |0 0 |1 0 |3 erb |4 0 |6 262_933000000000000_CUR_1989 |7 0 |8 A |9 474396 |a BIBDER |b BIBDER |h v.15 |i 5267188 |o 262.933 CUR 1989 |p 5267188 |r 2023-01-25 |w 2019-11-24 |y BK |z Catalogado en:20160316 |k DER | ||
| 952 | |0 0 |1 0 |3 erb |4 0 |6 262_933000000000000_CUR_1989 |7 0 |8 A |9 474397 |a BIBDER |b BIBDER |h v.16 |i 5267196 |o 262.933 CUR 1989 |p 5267196 |r 2023-01-25 |w 2019-11-24 |y BK |z Catalogado en:20160316 |k DER | ||
| 952 | |0 0 |1 0 |3 erb |4 0 |6 262_933000000000000_CUR_1989 |7 0 |8 A |9 474398 |a BIBDER |b BIBDER |h v.17 |i 526720K |o 262.933 CUR 1989 |p 526720K |r 2023-01-25 |w 2019-11-24 |y BK |z Catalogado en:20160316 |k DER | ||
| 952 | |0 0 |1 0 |3 erb |4 0 |6 262_933000000000000_CUR_1989 |7 0 |8 A |9 474399 |a BIBDER |b BIBDER |h v.18 |i 5267218 |o 262.933 CUR 1989 |p 5267218 |r 2023-01-25 |w 2019-11-24 |y BK |z Catalogado en:20160316 |k DER | ||